Statistiques concernant Personnages de Zelda Breath of the Wild

Cliquez ici pour prendre le quiz!

Statistiques générales

  • Ce quiz a été pris 2 223 fois
  • Le résultat moyen est 18 sur 42

Statistiques - réponses

IndicationPersonnage% Correct
Héros de la LégendeLink
100%
Princesse d'HyruleZelda
100%
Fléau et Calimité s'étant abattu sur le RoyaumeGanon
98%
Prodige des Zoras (morte il y a 100 ans)Mipha
88%
Prodige des Gorons (mort il y a 100 ans)Daruk
87%
Prodige des Piafs (mort il y a 100 ans)Revali
83%
Chef et doyenne du village CocoricoImpa
82%
Prince ZoraSidon
76%
Prodige des Gerudos (morte il y a 100 ans)Urbosa
76%
Scientifique d'ElimithPru'Ha
68%
Reine des GerudosRiju
68%
Vénérable esprit de la forêt KoroguArbre Mojo
67%
Korogu géant voyageant vers la forêt KoroguNoïa
50%
Jeune Goron, descendant de DarukYunobo
50%
Chef de Sérasieh et AssociésSérasieh
49%
Marchand itinérantTerry
49%
Dragon de glaceNedrac
45%
Dragon de feuOrdrac
45%
Dragon de foudreRordrac
42%
Chef du clan des YigasLe Grand Kohga
40%
Guerrier PiafTeba
39%
Roi d'Hyrule, mort il y a 100 ansRhoam Bosphoramus Hyrule
38%
Marchand nocturne, monstreKilton
34%
Roi ZoraDorefah
31%
Cheval sacré vivant sur le Mont SatoriAlpha
30%
Scientifique d'AkkalaFaras
30%
Petite-Fille d'ImpaPahya
29%
Fondateur du village d'Euzero, membre de Sérasieh et AssociésGrosaillieh
27%
Ménestrel PiafAsarim
24%
Garde du corps de la princesse RijuBeterah
18%
Autre membre de Sérasieh et AssociésFrobasieh
13%
Chef des PiafsKaï
13%
Chef des GoronsBuldo
11%
Assistant de Pru'HaCanel
10%
Conseiller du roi ZoraMeryth
10%
Peintre SheïkahKangis
7%
Moine Sheïkah, guide de Link dans le DLC "Ode aux prodiges"Miz'Kyosia
6%
Garde du corps d'Impa, ancien YigaDurann
5%
Guerrier et Forgeron PiafHarfor
4%
Marchand Hylien travesti pour pouvoir entrer dans la Cité GerudoVivian
4%
Garde du corps d'ImpaVocah
4%
Vieux Zora n'aimant pas LinkEtorpe
3%

Distribution des résultats

Percentile par nombre de réponses

% des personnes avec chaque résultat

Votre développement - résultats

Vous n’avez pas pris ce quiz